[Event "SRB-chT3 East"]
[Site "Serbia"]
[Date "2017.10.12"]
[Round "6.1"]
[White "Klcesko, Nebojsa"]
[Black "Stojanovic, Goran"]
[Result "1-0"]
[WhiteElo "2014"]
[BlackElo "2044"]
[PlyCount "128"]
[EventDate "2017.09.03"]
[EventType "team-tourn"]
[EventRounds "11"]
[EventCountry "SRB"]
[SourceTitle "EXT 2022"]
[Source "ChessBase"]
[SourceDate "2021.10.06"]
[SourceVersion "1"]
[SourceVersionDate "2021.10.06"]
[SourceQuality "1"]

1. d4 Nf6 2. Nf3 g6 3. c4 c5 4. Nc3 Bg7 5. d5 d6 6. h3 a6 7. e4 Nbd7 8. Bd3 b5 9. cxb5 0-0 10. 0-0 axb5 11. Bxb5 Ba6 12. Bxa6 Rxa6 13. Qe2 Qb6 14. Nd2 Rb8 15. Nc4 Qb7 16. Bd2 Nb6 17. b3 Nfd7 18. Rab1 Bxc3 19. Bxc3 Nxc4 20. bxc4 Qxb1 21. Rxb1 Rxb1+ 22. Kh2 f6 23. f4 Kf7 24. Qg4 Nf8 25. e5 Ra3 26. e6+ Ke8 27. Qg3 Rc1 28. Qf2 Rb1 29. Qc2 Rb7 30. Be1 Kd8 31. h4 Kc7 32. Bc3 Kc8 33. h5 gxh5 34. f5 h6 35. Bd2 Ra8 36. Bxh6 Kc7 37. Qe2 Nh7 38. Qxh5 Ng5 39. Bxg5 fxg5 40. Qxg5 Kb6 41. f6 exf6 42. Qxf6 Rh7+ 43. Kg1 Kc7 44. Qb2 Ra6 45. Qc2 Rg7 46. Qc3 Rh7 47. Qf3 Ra8 48. Qg3 Re7 49. Qf3 Rh7 50. Qb3 Ra6 51. Qb5 Rb6 52. Qe8 Rg7 53. Qf8 Rb1+ 54. Kh2 Rh7+ 55. Kg3 Re1 56. Qa8 Kb6 57. Qc6+ Ka7 58. Qxd6 Rf1 59. Qxc5+ Ka6 60. Qd4 Rh6 61. Qd3 Rff6 62. c5+ Kb7 63. e7 Rh8 64. e8Q Rxe8 1-0

[Event "SRB-chT Cup"]
[Site "Kragujevac"]
[Date "2017.05.02"]
[Round "6.4"]
[White "Klcesko, Nebojsa"]
[Black "Nesovic, Vojislav"]
[Result "1-0"]
[WhiteElo "1981"]
[BlackElo "1969"]
[PlyCount "78"]
[EventDate "2017.04.29"]
[EventType "team-swiss"]
[EventRounds "6"]
[EventCountry "SRB"]
[SourceTitle "EXT 2018"]
[Source "ChessBase"]
[SourceDate "2017.10.13"]
[SourceVersion "1"]
[SourceVersionDate "2017.10.13"]
[SourceQuality "1"]
[WhiteTeam "Negotin Hemicar"]
[BlackTeam "Knic"]
[WhiteTeamCountry "SRB"]
[BlackTeamCountry "SRB"]

1. d4 e6 2. Nf3 d6 3. c4 g6 4. e4 Bg7 5. Nc3 Ne7 6. Bg5 h6 7. Be3 b6 8. Qd2 Bb7 9. Bd3 Nd7 10. d5 e5 11. g4 g5 12. h4 f6 13. h5 0-0 14. Be2 Kh7 15. Nh2 a6 16. 0-0 Qb8 17. Rfd1 Rd8 18. b4 Bf8 19. Nf1 Ra7 20. Ng3 Kg7 21. Rdb1 Qa8 22. a4 Qc8 23. a5 Ra8 24. Na4 bxa5 25. c5 dxc5 26. bxc5 c6 27. d6 Ng8 28. Nf5+ Kh8 29. Bc4 Qb8 30. Qa2 Bg7 31. Be6 Ra7 32. Rb2 Qa8 33. Bxd7 Rxd7 34. Nb6 Qd8 35. Nxd7 Qxd7 36. Qxa5 Bc8 37. Rb8 Kh7 38. Qb6 Rb7 39. Rxb7 Bxb7 1-0

[Event "SRB-chT Cup"]
[Site "Kragujevac"]
[Date "2017.05.01"]
[Round "4.5"]
[White "Klcesko, Nebojsa"]
[Black "Trajkovic, Goran"]
[Result "1-0"]
[WhiteElo "1981"]
[BlackElo "1958"]
[PlyCount "111"]
[EventDate "2017.04.29"]
[EventType "team-swiss"]
[EventRounds "6"]
[EventCountry "SRB"]
[SourceTitle "EXT 2018"]
[Source "ChessBase"]
[SourceDate "2017.10.13"]
[SourceVersion "1"]
[SourceVersionDate "2017.10.13"]
[SourceQuality "1"]
[WhiteTeam "Negotin Hemicar"]
[BlackTeam "Podgora Bojnik"]
[WhiteTeamCountry "SRB"]
[BlackTeamCountry "SRB"]

1. d4 Nf6 2. Nf3 d5 3. c4 c6 4. Nc3 Bf5 5. Qb3 Bc8 6. cxd5 cxd5 7. Bf4 a6 8. h3 e6 9. Rc1 Bd6 10. Bxd6 Qxd6 11. Nxd5 Nc6 12. Nb6 Rb8 13. e3 0-0 14. Nc4 Qb4+ 15. Qxb4 Nxb4 16. a3 Nbd5 17. Bd3 Bd7 18. 0-0 Bb5 19. Nce5 Bxd3 20. Nxd3 Rbc8 21. Nd2 Nb6 22. Rxc8 Rxc8 23. Rc1 Rxc1+ 24. Nxc1 Nc8 25. Nd3 b6 26. Kf1 Kf8 27. Ke2 Ke7 28. Ne5 Nd7 29. Nxd7 Kxd7 30. Kd3 Ne7 31. Nc4 Kc7 32. b4 f6 33. e4 b5 34. Nd2 Nc8 35. Nb3 Nb6 36. Nc5 Kd6 37. Kc3 Nc4 38. a4 Na3 39. a5 Nb1+ 40. Kd3 Na3 41. Nxa6 Nc4 42. Nc5 Nb2+ 43. Kc2 Nc4 44. a6 h5 45. a7 Nb6 46. Kd3 Na8 47. f4 Nc7 48. Na6 Na8 49. g4 hxg4 50. hxg4 Nb6 51. f5 exf5 52. gxf5 Kc6 53. Nc5 Na8 54. Ne6 Kb7 55. Nxg7 Kxa7 56. Ne8 1-0

[Event "SRB-chT Cup"]
[Site "Kragujevac"]
[Date "2017.04.30"]
[Round "2.6"]
[White "Djoric, Hadzi Goran"]
[Black "Klcesko, Nebojsa"]
[Result "0-1"]
[WhiteElo "2162"]
[BlackElo "1981"]
[PlyCount "110"]
[EventDate "2017.04.29"]
[EventType "team-swiss"]
[EventRounds "6"]
[EventCountry "SRB"]
[SourceTitle "EXT 2018"]
[Source "ChessBase"]
[SourceDate "2017.10.13"]
[SourceVersion "1"]
[SourceVersionDate "2017.10.13"]
[SourceQuality "1"]
[WhiteTeam "Medvedja Gornia"]
[BlackTeam "Negotin Hemicar"]
[WhiteTeamCountry "SRB"]
[BlackTeamCountry "SRB"]

1. d4 d5 2. Nf3 Nf6 3. Bf4 c6 4. e3 Bg4 5. Nbd2 e6 6. Bd3 Bd6 7. Bxd6 Qxd6 8. c3 Nbd7 9. Qc2 Bxf3 10. Nxf3 e5 11. Be2 0-0 12. 0-0 e4 13. Nd2 b5 14. b3 Rac8 15. a4 b4 16. c4 a5 17. Rac1 Qb8 18. Rfd1 Rfe8 19. c5 h6 20. Nf1 Re7 21. Ng3 g6 22. Rd2 h5 23. Nf1 Kg7 24. Re1 Rce8 25. Bd1 h4 26. f4 exf3 27. gxf3 Nf8 28. Rg2 Ne6 29. Ree2 Qd8 30. Qd3 Kf8 31. Bc2 Nh5 32. Qd2 Nf6 33. Ref2 Ng7 34. Qe1 Qd7 35. Kh1 Nf5 36. Re2 h3 37. Rgf2 Kg7 38. Bxf5 Qxf5 39. Qd2 Qg5 40. Qd3 Qh4 41. Qd2 Nh5 42. Qd3 f5 43. f4 Nf6 44. Ng3 Qg4 45. Re1 Ne4 46. Nxe4 Rxe4 47. Qd2 Rxe3 48. Rg1 Qh5 49. Rg3 Re1+ 50. Rg1 R1e2 51. Rxe2 Qxe2 52. Qxe2 Rxe2 53. Rg3 Re1+ 54. Rg1 Re4 55. Rg3 Rxf4 0-1

[Event "SRB-chT3 East"]
[Site "Serbia"]
[Date "2015.10.16"]
[Round "8.55"]
[White "Mijajlovic, Jovan"]
[Black "Klcesko, Nebojsa"]
[Result "1-0"]
[WhiteElo "1888"]
[BlackElo "1983"]
[PlyCount "73"]
[EventDate "2015.09.06"]
[EventType "team-tourn"]
[EventRounds "11"]
[EventCountry "SRB"]
[SourceTitle "EXT 2022"]
[Source "ChessBase"]
[SourceDate "2021.10.06"]
[SourceVersion "1"]
[SourceVersionDate "2021.10.06"]
[SourceQuality "1"]

1. e4 c6 2. d4 d5 3. Nd2 dxe4 4. Nxe4 Bf5 5. Ng3 Bg6 6. h4 h6 7. h5 Bh7 8. Nf3 Nd7 9. Bd3 Bxd3 10. Qxd3 Ngf6 11. Bd2 e6 12. 0-0-0 Qc7 13. Rhe1 0-0-0 14. Qb3 Bd6 15. Ne4 Bf4 16. g3 Bxd2+ 17. Nfxd2 Rhf8 18. Nxf6 Nxf6 19. Ne4 Nxh5 20. Rh1 g6 21. Kb1 Ng7 22. Qa4 Qb6 23. Rd3 Nf5 24. Rhd1 Rd5 25. Nc5 Nxd4 26. Nxb7 Qxb7 27. Rxd4 Qb6 28. a3 Rxd4 29. Rxd4 Kc7 30. Rh4 Qxf2 31. Rd4 Qf1+ 32. Ka2 Rb8 33. Qxa7+ Rb7 34. Qc5 Qa6 35. b3 Rb5 36. Qe7+ Kb6 37. Qd8+ 1-0

[Event "SRB-chT3 East"]
[Site "Pozarevac"]
[Date "2014.10.04"]
[Round "4.35"]
[White "Klcesko, Nebojsa"]
[Black "Milosevic, Milica"]
[Result "1-0"]
[WhiteElo "2000"]
[BlackElo "1594"]
[PlyCount "131"]
[EventDate "2014.10.02"]
[EventType "team-swiss"]
[EventRounds "6"]
[EventCountry "SRB"]
[SourceTitle "EXT 2022"]
[Source "ChessBase"]
[SourceDate "2021.10.06"]
[SourceVersion "1"]
[SourceVersionDate "2021.10.06"]
[SourceQuality "1"]

1. d4 d5 2. Nf3 Nf6 3. c4 c6 4. Nc3 Bf5 5. Qb3 Bc8 6. cxd5 cxd5 7. Bf4 e6 8. Rc1 Nc6 9. e3 Be7 10. Bd3 Nh5 11. Bg3 Nxg3 12. hxg3 h6 13. a3 Na5 14. Qa4+ Bd7 15. Bb5 Nc6 16. Ne5 Nxe5 17. dxe5 a6 18. Bxd7+ Qxd7 19. Qg4 Bf8 20. 0-0 b5 21. Rfd1 g6 22. e4 h5 23. Qf3 d4 24. Ne2 Rc8 25. Rxc8+ Qxc8 26. Qf6 Rg8 27. Nxd4 Be7 28. Qf3 Kf8 29. Qe3 Kg7 30. Rc1 Qb7 31. Nc6 Rc8 32. Nxe7 Rxc1+ 33. Qxc1 Qxe7 34. Qc6 Qg5 35. Qc3 Qe7 36. Qd4 Qb7 37. f3 Qc7 38. Kh2 Qc6 39. Qd6 Qb7 40. b4 Kg8 41. Qd8+ Kg7 42. Qd4 Qc8 43. Qd6 Qb7 44. Qc5 Kg8 45. Kh3 Qd7 46. Qd6 Qb7 47. g4 hxg4+ 48. Kxg4 Kg7 49. g3 Qc8 50. Qd2 Kh8 51. Qg5 Qa8 52. Qf6+ Kg8 53. Qe7 Kg7 54. Kf4 Qc8 55. Qc5 Qh8 56. Qe7 Qc8 57. Qf6+ Kg8 58. Kg5 Qf8 59. f4 Kh7 60. Kg4 Qh6 61. Qe7 Kh8 62. Qf6+ Kh7 63. Qh4 Qxh4+ 64. Kxh4 Kh6 65. g4 Kg7 66. Kg5 1-0

[Event "SRB-chT3 Ost"]
[Site "Kladovo"]
[Date "2013.10.18"]
[Round "2.23"]
[White "Klcesko, Nebojsa"]
[Black "Korbovljanovic, Natasa"]
[Result "1-0"]
[WhiteElo "1983"]
[BlackElo "1897"]
[PlyCount "69"]
[EventDate "2013.10.17"]
[EventType "team-swiss"]
[EventRounds "8"]
[EventCountry "SRB"]
[SourceTitle "EXT 2015"]
[Source "ChessBase"]
[SourceDate "2014.11.20"]
[SourceVersion "1"]
[SourceVersionDate "2014.11.20"]
[SourceQuality "1"]

1. d4 d5 2. Nf3 Nf6 3. c4 e6 4. Bg5 c6 5. cxd5 exd5 6. Nc3 Be7 7. Qc2 0-0 8. h3 Ne4 9. Bxe7 Qxe7 10. e3 f5 11. Bd3 Nd7 12. 0-0 Kh8 13. Rae1 Rf6 14. Nh2 Rh6 15. Bxe4 fxe4 16. f3 exf3 17. Rxf3 Rf6 18. e4 Nf8 19. Qf2 Rxf3 20. Nxf3 dxe4 21. Rxe4 Qf7 22. Qe3 Bd7 23. Ne5 Qf6 24. Rf4 Qe6 25. Ne4 Ng6 26. Ng5 Qe8 27. Nxg6+ Qxg6 28. Qe7 Bf5 29. Nf7+ Kg8 30. Ne5 Qe6 31. Qxb7 Rc8 32. b4 g5 33. Rf2 g4 34. hxg4 Bxg4 35. Rf7 1-0

[Event "SRB-chT2"]
[Site "Golubac"]
[Date "2008.09.24"]
[Round "8"]
[White "Klcesko, Nebojsa"]
[Black "Zivkovic, Momcilo"]
[Result "1-0"]
[WhiteElo "1949"]
[BlackElo "2147"]
[PlyCount "100"]
[EventDate "2008.09.20"]
[EventType "team-tourn"]
[EventRounds "11"]
[EventCountry "YUG"]
[SourceTitle "EXT 2010"]
[Source "ChessBase"]
[SourceDate "2010.11.25"]
[SourceVersion "1"]
[SourceVersionDate "2010.11.25"]
[SourceQuality "1"]

1. Nf3 d5 2. d4 Nf6 3. c4 c6 4. e3 e6 5. Bd3 Ne4 6. 0-0 Nd7 7. b3 Bd6 8. Bb2 Qf6 9. Nbd2 Nxd2 10. Qxd2 g5 11. e4 Bf4 12. Qe2 g4 13. Ne1 Rg8 14. g3 dxe4 15. Bxe4 Bd6 16. d5 Be5 17. Bxe5 Nxe5 18. dxc6 Nxc6 19. Rd1 Bd7 20. f3 gxf3 21. Nxf3 0-0-0 22. Qe3 h5 23. Kh1 Qg7 24. Nh4 f5 25. Bg2 Qe5 26. Qf3 Rg4 27. Qf2 Rd4 28. Nf3 Rxd1 29. Nxe5 Rxf1+ 30. Qxf1 Nxe5 31. Qe2 Nf7 32. c5 e5 33. Bd5 Nh6 34. h3 e4 35. Qxh5 Ng8 36. Qg5 e3 37. Qxe3 Nf6 38. Bg2 Re8 39. Qd3 Ne4 40. Kg1 Bc6 41. h4 a6 42. a4 Bxa4 43. g4 Bb5 44. Qc2 Bc6 45. gxf5 Rg8 46. Kh2 Re8 47. f6 Nxf6 48. Bxc6 bxc6 49. Qc4 Nd5 50. Qxa6+ Kd7 1-0

[Event "SRB-chT2"]
[Site "Golubac"]
[Date "2008.09.22"]
[Round "5"]
[White "Radivojevic, Miladin"]
[Black "Klcesko, Nebojsa"]
[Result "1/2-1/2"]
[WhiteElo "2166"]
[BlackElo "1949"]
[PlyCount "41"]
[EventDate "2008.09.20"]
[EventType "team-tourn"]
[EventRounds "11"]
[EventCountry "YUG"]
[SourceTitle "EXT 2010"]
[Source "ChessBase"]
[SourceDate "2010.11.25"]
[SourceVersion "1"]
[SourceVersionDate "2010.11.25"]
[SourceQuality "1"]

1. e4 c5 2. Nf3 d6 3. d4 cxd4 4. Nxd4 e5 5. Nb5 a6 6. N5c3 Be6 7. Na3 Nf6 8. Bg5 b5 9. Bxf6 gxf6 10. Nd5 Nd7 11. c4 Qa5+ 12. Qd2 Qxd2+ 13. Kxd2 Bxd5 14. exd5 b4 15. Nc2 a5 16. Bd3 Nc5 17. Bf5 Bg7 18. h4 Bh6+ 19. Ke2 Ke7 20. b3 Rhb8 21. Rab1 1/2-1/2

[Event "SRB-chT2"]
[Site "Golubac"]
[Date "2008.09.21"]
[Round "2"]
[White "Klcesko, Nebojsa"]
[Black "Djoric, Dusan"]
[Result "0-1"]
[WhiteElo "1949"]
[BlackElo "2305"]
[PlyCount "65"]
[EventDate "2008.09.20"]
[EventType "team-tourn"]
[EventRounds "11"]
[EventCountry "YUG"]
[SourceTitle "EXT 2010"]
[Source "ChessBase"]
[SourceDate "2010.11.25"]
[SourceVersion "1"]
[SourceVersionDate "2010.11.25"]
[SourceQuality "1"]

1. d4 Nf6 2. c4 c5 3. Nf3 cxd4 4. Nxd4 a6 5. Nc3 d5 6. e3 dxc4 7. Bxc4 e6 8. 0-0 Bd7 9. a4 Nc6 10. Nc2 Qc7 11. Qe2 Bd6 12. h3 Rc8 13. Ba2 0-0 14. e4 Bh2+ 15. Kh1 Bf4 16. Bxf4 Qxf4 17. Rad1 Rfd8 18. Qe3 Qxe3 19. Nxe3 Be8 20. Rxd8 Rxd8 21. Rd1 Rxd1+ 22. Nexd1 Nd7 23. Ne3 Nc5 24. Nc4 Nb4 25. Bb1 Bxa4 26. f3 Bc2 27. Bxc2 Nxc2 28. Kg1 Kf8 29. Na5 Nd3 30. Nd1 Ke7 31. g3 g5 32. h4 gxh4 33. gxh4 0-1

[Event "SRB-chT 1st League"]
[Site "Vrnjacka Banja"]
[Date "2007.10.14"]
[Round "6.2"]
[White "Lukic, Predrag"]
[Black "Klcesko, Nebojsa"]
[Result "1/2-1/2"]
[WhiteElo "2182"]
[BlackElo "1887"]
[PlyCount "128"]
[EventDate "2007.09.08"]
[EventType "team"]
[EventRounds "11"]
[EventCountry "SRB"]
[SourceTitle "EXT 2012"]
[Source "ChessBase"]
[SourceDate "2011.11.24"]
[SourceVersion "1"]
[SourceVersionDate "2011.11.24"]
[SourceQuality "1"]
[WhiteTeam "Sabac"]
[BlackTeam "Bozevac Zadrugar"]
[WhiteTeamCountry "SRB"]
[BlackTeamCountry "SRB"]

1. d4 d5 2. c4 e6 3. Nc3 Nf6 4. cxd5 exd5 5. Bg5 Be7 6. e3 0-0 7. Bd3 h6 8. Bh4 b6 9. Qc2 Bb7 10. Nf3 Re8 11. 0-0 Ne4 12. Bxe7 Qxe7 13. Rae1 Nd7 14. Nd2 c5 15. Bb5 Nd6 16. dxc5 Nxb5 17. Nxb5 Nxc5 18. Nf3 Ba6 19. Nfd4 Rec8 20. Rd1 Qd7 21. a4 Ne6 22. Qf5 g6 23. Qh3 Bxb5 24. Nxb5 Rc4 25. Nc3 d4 26. Qxh6 Qc6 27. exd4 Rxd4 28. Rxd4 Nxd4 29. Qd2 Qc4 30. Re1 Rd8 31. Qg5 Nc6 32. h3 Qb4 33. Re2 Qd6 34. Re4 Nd4 35. h4 Kg7 36. Qe7 Nc6 37. Qg5 Qd2 38. Rf4 Qe1+ 39. Kh2 Qe7 40. Qb5 Nd4 41. Qc4 Ne6 42. Re4 Qd6+ 43. g3 Qd2 44. Re2 Qc1 45. Qe4 Qf1 46. Qe5+ Kg8 47. h5 gxh5 48. Qxh5 Qc1 49. Kg2 Qg5 50. Qxg5+ Nxg5 51. Re7 Rd2 52. Rxa7 Rxb2 53. Rb7 Rc2 54. Nd5 Ne4 55. Rxb6 Nxf2 56. a5 Nd3+ 57. Kf3 Ra2 58. a6 Nc5 59. Nc7 Kg7 60. Rc6 Ra3+ 61. Kf4 Nd3+ 62. Kg5 Nb4 63. Rb6 Nxa6 64. Rxa6 Rxg3+ 1/2-1/2

[Event "SRB-chT 1st League"]
[Site "Vrnjacka Banja"]
[Date "2007.09.09"]
[Round "1.6"]
[White "Jonic, Vladimir"]
[Black "Klcesko, Nebojsa"]
[Result "0-1"]
[WhiteElo "2208"]
[BlackElo "1887"]
[PlyCount "76"]
[EventDate "2007.09.08"]
[EventType "team"]
[EventRounds "11"]
[EventCountry "SRB"]
[SourceTitle "EXT 2012"]
[Source "ChessBase"]
[SourceDate "2011.11.24"]
[SourceVersion "1"]
[SourceVersionDate "2011.11.24"]
[SourceQuality "1"]
[WhiteTeam "Progres"]
[BlackTeam "Bozevac Zadrugar"]
[WhiteTeamCountry "SRB"]
[BlackTeamCountry "SRB"]

1. e4 c6 2. d4 d5 3. e5 Bf5 4. Nc3 e6 5. g4 Bg6 6. Nge2 Be7 7. Bg2 Nd7 8. f4 Bh4+ 9. Kf1 f6 10. Be3 Nh6 11. h3 fxe5 12. dxe5 0-0 13. Kg1 c5 14. Nxd5 exd5 15. Bxd5+ Kh8 16. Bxb7 Rb8 17. Bc6 Rxb2 18. Bxd7 Rxc2 19. Rh2 Qa8 20. f5 Qf3 21. Bxh6 gxh6 22. Bc6 Qe3+ 23. Kh1 Rd2 24. Qf1 Qxe5 25. Rd1 Rxa2 26. Qf3 Be8 27. Bd5 Rb2 28. Rg2 Bb5 29. Nc3 Rxg2 30. Kxg2 a6 31. Ne4 h5 32. Rd2 c4 33. Be6 Bc6 34. Re2 c3 35. Bb3 Rb8 36. Bc2 Rb2 37. Qd3 Bb5 38. Qe3 Bxe2 0-1

[Event "SRB-chT Cup 50th"]
[Site "Mataruska Banja"]
[Date "2007.05.21"]
[Round "1"]
[White "Klcesko, Nebojsa"]
[Black "Vajdic, Nikola"]
[Result "1/2-1/2"]
[WhiteElo "1804"]
[BlackElo "2260"]
[PlyCount "111"]
[EventDate "2007.05.21"]
[EventType "team-tourn"]
[EventRounds "7"]
[EventCountry "YUG"]
[SourceTitle "CBM 118 Extra"]
[Source "ChessBase"]
[SourceDate "2007.07.04"]
[SourceVersion "1"]
[SourceVersionDate "2007.07.04"]
[SourceQuality "1"]

1. d4 d5 2. Nf3 Nf6 3. Bg5 Ne4 4. Bf4 c5 5. dxc5 Nc6 6. c3 Nxc5 7. e3 e6 8. Be2 Be7 9. 0-0 0-0 10. Nbd2 Bf6 11. Rc1 e5 12. Bg3 Be6 13. b4 Nd7 14. b5 Ne7 15. e4 b6 16. Re1 Ng6 17. exd5 Bxd5 18. Nc4 Bxc4 19. Bxc4 Qc7 20. Bd5 Rad8 21. c4 Rfe8 22. Rc2 Nf4 23. Bxf4 exf4 24. Rxe8+ Rxe8 25. Bc6 Rd8 26. Rd2 Nc5 27. Ne1 g6 28. Rxd8+ Qxd8 29. Bd5 Kg7 30. h3 Qd7 31. Qe2 h5 32. Qd2 Qf5 33. Qe2 Kf8 34. Bc6 Qb1 35. Kh2 Ne6 36. Qd2 g5 37. Qd6+ Kg7 38. Bd5 g4 39. Bxe6 gxh3 40. Bd5 hxg2 41. Bxg2 Qxe1 42. Qd5 Qxf2 43. Qxh5 Qg3+ 44. Kg1 Qe1+ 45. Kh2 Kf8 46. Qf3 Bd4 47. Bf1 Be5 48. Qa8+ Kg7 49. Qg2+ Kh6 50. Qf3 f6 51. Be2 Qg3+ 52. Qxg3 fxg3+ 53. Kg2 Kg5 54. Kf3 f5 55. Bd3 f4 56. Be4 1/2-1/2

[Event "SRB-chT 1st League"]
[Site "Vrnjacka Banja"]
[Date "2007.??.??"]
[Round "7.6"]
[White "Klcesko, Nebojsa"]
[Black "Civric, Zdravko"]
[Result "0-1"]
[WhiteElo "1887"]
[BlackElo "2190"]
[PlyCount "114"]
[EventDate "2007.09.08"]
[EventType "team"]
[EventRounds "11"]
[EventCountry "SRB"]
[SourceTitle "EXT 2012"]
[Source "ChessBase"]
[SourceDate "2011.11.24"]
[SourceVersion "1"]
[SourceVersionDate "2011.11.24"]
[SourceQuality "1"]
[WhiteTeam "Bozevac Zadrugar"]
[BlackTeam "Sloboda Uzice"]
[WhiteTeamCountry "SRB"]
[BlackTeamCountry "SRB"]

1. d4 Nf6 2. Nf3 e6 3. Bg5 b6 4. e3 Bb7 5. Be2 Be7 6. 0-0 0-0 7. c4 d6 8. Nc3 Nbd7 9. Qc2 c5 10. Rfd1 cxd4 11. Rxd4 a6 12. Rad1 Qc7 13. h3 Rac8 14. Ne1 Rfd8 15. Qb1 Ne5 16. f4 Nc6 17. R4d2 Na5 18. Rd4 Nc6 19. R4d2 Na7 20. e4 b5 21. cxb5 Nxb5 22. Nxb5 axb5 23. Bf3 d5 24. exd5 Nxd5 25. Bxe7 Qxe7 26. f5 Re8 27. Kh1 Ba8 28. Qd3 b4 29. Qd4 e5 30. Qg1 e4 31. Re2 Nf6 32. Qe3 Qb7 33. Bg4 h5 34. Rd6 Qe7 35. Rxf6 Qxf6 36. Bxh5 Red8 37. Bg4 Qd4 38. Qxd4 Rxd4 39. Nc2 Rdc4 40. Ne3 Rc1+ 41. Kh2 Rd8 42. Kg3 Bc6 43. Kf4 Bb5 44. Rf2 Ra1 45. a3 bxa3 46. bxa3 Bd3 47. h4 Rxa3 48. h5 f6 49. Bd1 Rda8 50. Nd5 Kh7 51. Rb2 Ra2 52. Rb7 Kh6 53. g4 Rd2 54. Rb6 Rxd1 55. g5+ Kxh5 56. gxf6 Rf1+ 57. Ke5 gxf6+ 0-1

[Event "SRB-chT 1st League"]
[Site "Vrnjacka Banja"]
[Date "2007.??.??"]
[Round "11.2"]
[White "Klcesko, Nebojsa"]
[Black "Mirkovic, Stevan"]
[Result "1/2-1/2"]
[WhiteElo "1887"]
[BlackElo "2226"]
[PlyCount "68"]
[EventDate "2007.09.08"]
[EventType "team"]
[EventRounds "11"]
[EventCountry "SRB"]
[SourceTitle "EXT 2012"]
[Source "ChessBase"]
[SourceDate "2011.11.24"]
[SourceVersion "1"]
[SourceVersionDate "2011.11.24"]
[SourceQuality "1"]
[WhiteTeam "Bozevac Zadrugar"]
[BlackTeam "Gornji Milanovac Metalac"]
[WhiteTeamCountry "SRB"]
[BlackTeamCountry "SRB"]

1. d4 d5 2. Nf3 Nf6 3. g3 Bg4 4. Ne5 Bf5 5. Bg2 e6 6. 0-0 Be7 7. c4 Nbd7 8. Nc3 c6 9. cxd5 exd5 10. Qb3 Qb6 11. Qxb6 axb6 12. Nxd7 Kxd7 13. Bg5 h6 14. Bxf6 Bxf6 15. Rfd1 Rhe8 16. f3 Re3 17. Kf2 Rae8 18. Ne4 Bg5 19. f4 Bxe4 20. Bh3+ Kd6 21. Kxe3 Bc2+ 22. Kf2 Bxd1 23. Rxd1 Bf6 24. Bg2 b5 25. b3 g5 26. e3 gxf4 27. gxf4 Ra8 28. Rd2 Bh4+ 29. Ke2 Bd8 30. Rc2 Ba5 31. Kd3 Ke6 32. Bf3 Rg8 33. Rg2 Rxg2 34. Bxg2 f5 1/2-1/2

[Event "SRB-chT 1st League"]
[Site "Vrnjacka Banja"]
[Date "2006.09.23"]
[Round "3.5"]
[White "Klcesko, Nebojsa"]
[Black "Perunovic, Miodrag"]
[Result "0-1"]
[WhiteElo "1793"]
[BlackElo "2376"]
[PlyCount "67"]
[EventDate "2006.09.09"]
[EventType "team"]
[EventRounds "11"]
[EventCountry "SRB"]
[SourceTitle "EXT 2012"]
[Source "ChessBase"]
[SourceDate "2011.11.24"]
[SourceVersion "1"]
[SourceVersionDate "2011.11.24"]
[SourceQuality "1"]
[WhiteTeam "Bozevac Zadrugar"]
[BlackTeam "Nis"]
[WhiteTeamCountry "SRB"]
[BlackTeamCountry "SRB"]

1. d4 e6 2. c4 Nf6 3. Nf3 b6 4. Bg5 Bb7 5. Nc3 Bb4 6. a3 Bxc3+ 7. bxc3 d6 8. e3 Nbd7 9. Be2 0-0 10. 0-0 h6 11. Bh4 g5 12. Nxg5 hxg5 13. Bxg5 Kg7 14. f4 Rh8 15. Bf3 Bxf3 16. Qxf3 Qg8 17. f5 e5 18. h4 e4 19. Qf4 Kf8 20. c5 Nd5 21. Qxe4 f6 22. c6 fxg5 23. cxd7 Rxh4 24. Qf3 Rd8 25. g3 g4 26. Qg2 Rh3 27. Rae1 Rxd7 28. e4 Nxc3 29. Re3 Qc4 30. e5 Qxd4 31. Qa8+ Kg7 32. f6+ Kh7 33. Rfe1 Rxg3+ 34. Kf2 0-1